|
|
|
|
| LEADER |
00929nam a2200241 a 4500 |
| 001 |
3938815 |
| 008 |
090910s1992 ii a b 001 0 eng d |
| 010 |
|
|
|a \\\92909450
|
| 020 |
|
|
|a 817024479X :
|c Rs200.00
|
| 040 |
|
|
|a DLC
|c DLC
|d DLC
|
| 082 |
0 |
0 |
|a 370/.954
|2 20
|
| 100 |
1 |
|
|a Ahluwalia, S. P.,
|d 1933-
|
| 245 |
1 |
0 |
|a Education, issues and challenges /
|c S.P. Ahluwalia, H.S. Bais.
|
| 260 |
|
|
|a New Delhi :
|b Ashish Pub. House,
|c 1992
|
| 300 |
|
|
|a vi, 157 p. :
|b ill. ;
|c 22 cm.
|
| 504 |
|
|
|a Includes bibliographical references (p. [147]-151) and index.
|
| 541 |
1 |
|
|e 00006233
|
| 650 |
|
0 |
|a Education
|z India.
|
| 650 |
|
0 |
|a Education and state
|z India
|x Aims and objectives.
|
| 700 |
1 |
|
|a Bais, H. S.
|
| 852 |
4 |
|
|a Ayesha Abed Library
|j General shelf
|
| 999 |
|
|
|c 3852
|d 3852
|
| 952 |
|
|
|0 0
|1 0
|2 ddc
|4 0
|6 370_954000000000000_AHL_1992
|7 0
|9 3505
|a BRACUL
|b BRACUL
|c GEN
|d 2009-09-13
|g 370.00
|l 0
|o 370.954 AHL
|p 3010006233
|r 2025-06-15
|t 1
|v 740.00
|w 2009-09-13
|y BK
|